<?xml version="1.0" encoding="UTF-8"?>
<record
    xmlns:xsi="http://www.w3.org/2001/XMLSchema-instance"
    xsi:schemaLocation="http://www.loc.gov/MARC21/slim http://www.loc.gov/standards/marcxml/schema/MARC21slim.xsd"
    xmlns="http://www.loc.gov/MARC21/slim">

  <leader>00532nam a22001217a 4500</leader>
  <controlfield tag="008">091115t        xxu||||| |||| 00| 0 eng d</controlfield>
  <datafield tag="082" ind1=" " ind2=" ">
    <subfield code="2">22</subfield>
    <subfield code="a">006.3</subfield>
    <subfield code="b">&#x634; &#x631; &#x642;</subfield>
  </datafield>
  <datafield tag="245" ind1=" " ind2=" ">
    <subfield code="a">/&#x627;&#x644;&#x630;&#x643;&#x627;&#x621; &#x627;&#x644;&#x627;&#x635;&#x637;&#x646;&#x627;&#x639;&#x64A;  &#x648;&#x627;&#x644;&#x634;&#x628;&#x643;&#x627;&#x62A; &#x627;&#x644;&#x639;&#x635;&#x628;&#x64A;&#x629;</subfield>
    <subfield code="c">&#x645;&#x62D;&#x645;&#x62F;  &#x639;&#x644;&#x64A; &#x627;&#x644;&#x634;&#x631;&#x642;&#x627;&#x648;&#x64A;</subfield>
  </datafield>
  <datafield tag="260" ind1=" " ind2=" ">
    <subfield code="a">&#x627;&#x644;&#x642;&#x627;&#x647;&#x631;&#x629;:</subfield>
    <subfield code="b">&#x645;&#x631;&#x643;&#x632; &#x627;&#x644;&#x630;&#x643;&#x627;&#x621; &#x627;&#x644;&#x627;&#x635;&#x637;&#x646;&#x627;&#x639;&#x649; &#x644;&#x644;&#x62D;&#x627;&#x633;&#x628;&#x627;&#x62A;&#x60C;</subfield>
    <subfield code="c">1996</subfield>
  </datafield>
  <datafield tag="300" ind1=" " ind2=" ">
    <subfield code="a">352 &#x635;:</subfield>
    <subfield code="b">  &#x61B; &#x627;&#x64A;&#x636;</subfield>
    <subfield code="c">24 &#x633;&#x645;</subfield>
  </datafield>
  <datafield tag="490" ind1=" " ind2=" ">
    <subfield code="a">&#x639;&#x644;&#x648;&#x645; &#x648;&#x62A;&#x643;&#x646;&#x648;&#x644;&#x648;&#x62C;&#x64A;&#x627;  &#x62D;&#x627;&#x633;&#x628;&#x627;&#x62A; &#x627;&#x644;&#x645;&#x633;&#x62A;&#x642;&#x628;&#x644;</subfield>
    <subfield code="v">&#x627;&#x644;&#x643;&#x62A;&#x627;&#x628; &#x627;&#x644;&#x623;&#x648;&#x644;</subfield>
  </datafield>
  <datafield tag="942" ind1=" " ind2=" ">
    <subfield code="2">ddc</subfield>
    <subfield code="c">BB</subfield>
  </datafield>
  <datafield tag="999" ind1=" " ind2=" ">
    <subfield code="c">12910</subfield>
    <subfield code="d">12910</subfield>
  </datafield>
  <datafield tag="952" ind1=" " ind2=" ">
    <subfield code="0">0</subfield>
    <subfield code="1">0</subfield>
    <subfield code="2">ddc</subfield>
    <subfield code="4">0</subfield>
    <subfield code="7">0</subfield>
    <subfield code="8"> </subfield>
    <subfield code="a">MAIN</subfield>
    <subfield code="b">MAIN</subfield>
    <subfield code="c">LOW</subfield>
    <subfield code="d">2009-11-15</subfield>
    <subfield code="e">purchase</subfield>
    <subfield code="l">2</subfield>
    <subfield code="m">19</subfield>
    <subfield code="o">006.3 &#x627;&#x644;&#x630;</subfield>
    <subfield code="p">000019019</subfield>
    <subfield code="r">2025-07-15 00:00:00</subfield>
    <subfield code="s">2019-10-28</subfield>
    <subfield code="y">BB</subfield>
  </datafield>
</record>
